|
|
|
|
| LEADER |
00000nab a2200000 a 4500 |
| 001 |
vtls000357424 |
| 003 |
SK-MaSNL |
| 005 |
20260303201532.0 |
| 008 |
230302c1989 xo 0 slo |
| 015 |
|
|
|a SNBRB19rr/mm-uuuuu
|
| 035 |
|
|
|a CL0357546
|
| 035 |
|
|
|a urn:nbn:sk:snk-aban63
|
| 035 |
|
|
|a (urnnbn)urn:nbn:sk:snk:ar-007yuj
|
| 035 |
|
|
|a (uuid)c4a0f36e-2f04-4bb1-a8c6-713d61afa9c9
|
| 040 |
|
|
|a SNKBUCL
|b slo
|c SNKBUCL
|e AACR2
|
| 041 |
0 |
|
|a slo
|
| 044 |
|
|
|a xo
|c SK
|
| 080 |
|
|
|a 808.54:801.322.1
|2 1981
|
| 080 |
|
|
|a 801.322.1
|2 1981
|
| 100 |
1 |
|
|a Masár, Ivan,
|d 1930-2008
|4 aut
|9 13367
|
| 245 |
1 |
0 |
|a Slovo o slove
|b Poznámky k poznámkam Márie Ivanovej-Salingovej
|c Ivan Masár, Mária Pisarčíková
|
| 300 |
|
|
|b Obr. 2.
|
| 650 |
0 |
7 |
|a slovenčina
|2 snkbucl
|9 1350
|
| 650 |
0 |
7 |
|a slovníky jazykovedné
|2 snkbucl
|9 1219120
|
| 650 |
0 |
7 |
|a Krátky slovník slovenského jazyka
|2 snkbucl
|9 1219121
|
| 655 |
|
7 |
|a články z novín a časopisov
|2 snkbucl
|9 267496
|
| 700 |
1 |
|
|a Pisárčiková, Mária,
|d 1937-
|4 aut
|9 90042
|
| 773 |
0 |
|
|t Literárny týždenník
|g Roč. 2, č. 15 (1989), s. 4
|
| 850 |
|
|
|a Slovenská národná knižnica v Martine
|a MTA001
|
| 852 |
|
|
|a SNK
|b KIS3GCP
|
| 954 |
|
|
|a odborná, vedecká literatúra pôvodná (slovenská)
|2 lita
|
| 958 |
|
|
|a RK
|
| 958 |
|
|
|a OND
|
| 958 |
|
|
|a EUIPO
|
| 958 |
|
|
|a article14
|
| 999 |
|
|
|c 2174697
|d 2176627
|